| 000 | 00521nam a2200169 i 4500 | ||
|---|---|---|---|
| 001 | 71521 | ||
| 003 | ES-MaACL | ||
| 005 | 20251019063045.0 | ||
| 007 | t| | ||
| 008 | 040812s1908 fr ||||1| fre d | ||
| 100 | 1 |
_aGennep, Arnold van, _d1873-1957 _956326 |
|
| 245 | 1 | 0 |
_aReligions moeurs et légendes _b: essais d'Ethnographie et de Linguistique / _cArnold van Gennep. |
| 260 |
_aParís : _bMercure de France, _c1908. |
||
| 300 |
_a5 v. ; _c19 cm. |
||
| 852 |
_aES-MaACL _jF-9025-29 |
||
| 999 |
_c71521 _d71521 |
||